Report of the Committee on Roads and Transport on the Design and Build Contract Agreement between the Government of the Republic of Ghana (Represented by the Ministry of Roads and Highways) and Messrs AGMI Contrucciones E Infraestruturas Globales (QGMI) and Rango Construction Company Limited (RCCL) for an amount of One Hundred and Fifty Million Euros (€150,000,000.00) for the Design and Construction of the Peduase - Mamfe - Koforidua Scenic Route, 2021 (Record no. 1708)

MARC details
000 -LEADER
fixed length control field 01309nam a2200181Ia 4500
003 - CONTROL NUMBER IDENTIFIER
control field OSt
005 - DATE AND TIME OF LATEST TRANSACTION
control field 20250702102932.0
008 - FIXED-LENGTH DATA ELEMENTS--GENERAL INFORMATION
fixed length control field 240429s9999||||xx |||||||||||||| ||und||
041 ## - LANGUAGE CODE
Language code of text/sound track or separate title eng
082 ## - DEWEY DECIMAL CLASSIFICATION NUMBER
Classification number CR/G&RCTO/20
100 ## - MAIN ENTRY--PERSONAL NAME
Personal name Roads &Transport Committee
245 #0 - TITLE STATEMENT
Title Report of the Committee on Roads and Transport on the Design and Build Contract Agreement between the Government of the Republic of Ghana (Represented by the Ministry of Roads and Highways) and Messrs AGMI Contrucciones E Infraestruturas Globales (QGMI) and Rango Construction Company Limited (RCCL) for an amount of One Hundred and Fifty Million Euros (€150,000,000.00) for the Design and Construction of the Peduase - Mamfe - Koforidua Scenic Route, 2021
260 ## - PUBLICATION, DISTRIBUTION, ETC.
Name of publisher, distributor, etc. Parliment of Ghana
Place of publication, distribution, etc. Accra
Date of publication, distribution, etc. 2021
300 ## - PHYSICAL DESCRIPTION
Extent 7p.: tabs.
650 ## - SUBJECT ADDED ENTRY--TOPICAL TERM
Topical term or geographic name entry element Report of the Committee on Roads and Transport on the Design and Build Contract Agreement between - Republic of Ghana (Represented by the Ministry of Roads and Highways) and Messrs AGMI Contrucciones - E Infraestruturas Globales (QGMI) and Rango Construction Company Limited (RCCL) for an amount of One - Hundred and Fifty Million Euros (€150,000,000.00) for the Design and Construction of the Peduase - M - Mamfe - Koforidua Scenic Route, 2021
942 ## - ADDED ENTRY ELEMENTS (KOHA)
Koha item type Committee Reports
Source of classification or shelving scheme Dewey Decimal Classification
Suppress in OPAC No
Holdings
Withdrawn status Lost status Damaged status Not for loan Home library Current library Shelving location Date acquired Total checkouts Full call number Date last seen Copy number Price effective from Koha item type
        Main Library Main Library Open Shelves 19/09/2022   CR/G&MQR/21 3040 C.2 - CR/G&MQR/21 3039 C1 29/04/2024 1 29/04/2024 Committee Reports
©2026  Parliament of Ghana Library - All rights reserved